000 00529nam a22001937a 4500
005 20260410165047.0
008 260410b |||||||| |||| 00| 0 eng d
037 _cDSWL
040 _aDSWL
_cDSWL
041 _heng
084 _aY72 Q7
100 _aSaksena, H S
_91234703
245 _aTribal studies and beyond
260 _aJaipur,
_bRawat Publication,
_c2017
300 _a300p
365 _aINR
_b1295
942 _2CC
_cTEXL
_hY72 Q7
_n0
999 _c1848242
_d1848242